000 00743nam a22002297a 4500
999 _c190878
_d190878
005 20220808152409.0
010 _aENG-134352
020 _c220.00
_a9789393737090
035 _aEN-117884
037 _bDBAD/PUB
082 _a693.54
100 _aVijayan, D.S.
245 _aStructurL Design and Drawing/
_cD.s. vijayan [et all ]
260 _aTamil Nadu
_bShanlax publications
_c2022
270 _a61, 66 T.P.K. main road, Vasantha nagar, madurai
_bTamil nadu
_e625003
300 _a182p.
_c24cm(pbk)
_bill.
490 _aA comprehensive course in analysis ; part1
500 _aIncludes bibliographical references and index
700 _aS., Arvindan
700 _aD.,Parthiban
942 _2ddc
_cEN
_h693.54
_mVIJ